Central Library OPAC University of Rajshahi

Wages : (Record no. 2561)

MARC details
000 -LEADER
fixed length control field 00642nam a22002297a 4500
001 - CONTROL NUMBER
control field 2561
003 - CONTROL NUMBER IDENTIFIER
rucl marc code BD-RjUL
005 - DATE AND TIME OF LATEST TRANSACTION
control field 20211208233559.0
008 - FIXED-LENGTH DATA ELEMENTS--GENERAL INFORMATION
fixed length control field 131212b1968 sq ||||| ||||i10| 0 eng d
035 ## - SYSTEM CONTROL NUMBER
System control number (BD-RjUL)2588
040 ## - CATALOGING SOURCE
Original cataloging agency BD-RjUL
Language of cataloging eng
Transcribing agency BD-RjUL
Modifying agency BD-RjUL
041 ## - LANGUAGE CODE
Language code of text/sound track or separate title eng
082 04 - DEWEY DECIMAL CLASSIFICATION NUMBER
Edition number 21
Classification number 340.909494
Author mark and year WAG 1968
245 ## - TITLE STATEMENT
Title Wages :
Remainder of title A workers education manual /
260 ## - PUBLICATION, DISTRIBUTION, ETC. (IMPRINT)
Place of publication, distribution, etc. Geneva:
Name of publisher, distributor, etc. International labour office
Date of publication, distribution, etc. 1968
300 ## - PHYSICAL DESCRIPTION
Pagination 255p.:
Size 24 cm.
504 ## - BIBLIOGRAPHY, ETC. NOTE
Bibliography, etc includes bibliography
650 ## - SUBJECT ADDED ENTRY--TOPICAL TERM
Topical term or geographic name as entry element Labor laws and legislation.
9 (RLIN) 8273
710 ## - ADDED ENTRY--CORPORATE NAME
Corporate name or jurisdiction name as entry element International Labour office
9 (RLIN) 8274
856 ## - ELECTRONIC LOCATION AND ACCESS
Link text WorldCat
942 ## - ADDED ENTRY ELEMENTS (KOHA)
Source of classification or shelving scheme Dewey Decimal Classification
Koha item type Books
Holdings
Lost status Source of classification or shelving scheme Damaged status Not for loan Collection code Permanent Location Current Location Shelving location Date acquired Source of acquisition Cost, normal purchase price Total Checkouts Full call number Date last seen Copy number Koha item type
  Dewey Decimal Classification   Not For Loan Non-fiction Central Library, University of Rajshahi Central Library, University of Rajshahi Reading Room 03/04/1970 Zeitlinger 13.00   340.909494 WAG 1968 12/12/2013 C-1 Books
  Dewey Decimal Classification     Non-fiction Central Library, University of Rajshahi Central Library, University of Rajshahi   03/04/1970 Zeitlinger 13.00   340.909494 WAG 1968 12/12/2013 C-3 Books
  Dewey Decimal Classification     Non-fiction Central Library, University of Rajshahi Central Library, University of Rajshahi   03/04/1970 Zeittinger 13.00   340.909494 WAG 1968 05/09/2016 C-4 Books